| 000 | 00815nam a22002177a 4500 | ||
|---|---|---|---|
| 999 |
_c6463 _d6463 |
||
| 003 | AR-CdUCM | ||
| 008 | 190318b ||||| |||| 00| 0 spa d | ||
| 020 | _a958-9120-02-4 | ||
| 040 |
_aMUNICIPALIDAD PROVINCIAL DEL CUSCO _cBIBLIOTECA MUNICIPAL DEL CUSCO |
||
| 082 |
_a030 / _bG79 |
||
| 110 |
_aEdiciones con Criterio Nacional _918312 |
||
| 245 | _aGran Diccionario Enciclopédico Universal / | ||
| 260 |
_aBogota : _bPinter Colombiana Ltda., _c1989. |
||
| 300 |
_a5 tomos ; _bIlustraciones, mapas, _c25 cm. |
||
| 500 | _aDiccionario enciclopédico | ||
| 505 | _aContenido : t.1: A-col -- t.2: Col-hyp -- t.3: I-pre -- t.4: Pre-Zz -- t.5: Diccionario ingles / español /ingles. | ||
| 650 |
_aDiccionario Enciclopédico _918313 |
||
| 650 |
_aDiccionario Universal _918314 |
||
| 942 |
_2ddc _cLIBROS |
||
| 945 | _awnts | ||